• 首页
  • 本馆介绍
  • 公告通知
  • 最新文献
  • 馆藏检索
  • 电子资源
  • 读者导购
  • 参考咨询
  • 我的图书馆
  • 登录
  • 详细信息显示
  • 放入我的书架
  • 预约/预借图书
  • 作者相关作品
  • 分类相关作品
  • 丛书相关作品
  • 出版社相关作品

书目信息

  • 表格格式
  • 工作单格式
  • 卡片格式
书名: On the nature of things
作者: Lucretius ; translated, with introduction and notes, by Martin Ferguson Smith.
分册号:
分册名:
出版地: Indianapolis :
 
出版社: Hackett Pub
出版时间: c2001.
页数: xxxviii, 224 p. ;
开本: 22 cm.
丛书名:
中图分类号:
科图分类号:
其他分类号: B12
主题词:
电子资源:
000 01265cam a2200313 a 450
001 E0728979021
005 20070506081008.56
008 010508s2001 nyu b 001 0 eng
010    @a2001026403
020    @a0872205878 (paper).
020    @a0872205886 (cloth).
040    @aDLC@cDLC@dDLC
041 1  @aeng@hlat
050 00 @aPA6483.E5@bS6 2001
082 00 @a187@2 21
090    @aB12
099    @dB12@ex4
100 1  @aLucretius Carus, Titus.
240 10 @aDe rerum natura.@lEnglish
245 10 @aOn the nature of things / @cLucretius ; translated, with introduction and notes, by Martin Ferguson Smith.
260    @aIndianapolis :@bHackett Pub.,@cc2001.
300    @axxxviii, 224 p. ;@c22 cm.
504    @aIncludes bibliographical references (p. xxxv-xxxvii) and index.
650  0 @aPhilosophy, Ancient@vPoetry.
650  0 @aDidactic poetry, Latin@vTranslations into English.
700 1  @aSmith, Martin Ferguson.
906    @a7@bcbc@corignew@d1@eocip@f20@gy-gencatlg
925 0  @aacquire@b2 shelf copies@xpolicy default
955    @ato SSCD pc14 05-08-01; sh17 05-09-01; sh27 05-11-01 to HLCD/AA; lh06 05-14-01; to Dewey 05-15-01; aa15 05-15-01;@flj15 2001-12-06 lj13 review@glj13 2002-01-24 sent copy 1 to BCCD@alh37 2002-04-11; c.2 to BCCD
    
    On the nature of things / / Lucretius ; translated, with introduction and notes, by Martin Ferguson Smith.-Indianapolis : : Hackett Pub., , c2001.
    xxxviii, 224 p. ; ; 22 cm.
    Includes bibliographical references (p. xxxv-xxxvii) and index.
    
    ISBN 0872205878 (paper).
    
●
相关链接 在E读中查询图书 在五车中查询图书 在当当中查询图书 在豆瓣中查询图书


正题名:On the nature of things     索取号:B12/x4         预约/预借

序号 登录号 条形码 馆藏地/架位号 状态 备注
1 7121   300071213   第二样本阅览室/ [索取号:B12/x4] 在馆    
唐山师范学院图书馆 欢迎您!
大连网信软件有限公司© 版权所有